Statistics for Top 50 Metal Albums

Click here to take the quiz!

General Stats

  • This quiz has been taken 70 times
  • The average score is 25 of 50

Answer Stats

ArtistAlbum% Correct
#2: MetallicaMaster of Puppets
97%
#1: Black SabbathParanoid
94%
#4: MetallicaRide the Lightning
94%
#5: Black SabbathBlack Sabbath
90%
#14: Iron MaidenThe Number of the Beast
89%
#16: Metallica...And Justice for All
86%
#26: MetallicaKill 'Em All
83%
#6: SlayerReign in Blood
81%
#7: MegadethRust in Peace
81%
#10: Iron MaidenPowerslave
78%
#19: Judas PriestPainkiller
76%
#3: Black SabbathMaster of Reality
73%
#38: Iron MaidenIron Maiden
68%
#15: Rage Against the MachineRage Against the Machine
67%
#49: SlayerSouth of Heaven
65%
#48: MotörheadAce of Spades
63%
#27: DeathHuman
60%
#13: Black SabbathSabbath Bloody Sabbath
60%
#30: SlayerSeasons in the Abyss
60%
#40: Black SabbathHeaven and Hell
59%
#22: Black SabbathVol. 4
57%
#18: Alice in ChainsDirt
56%
#20: Iron MaidenSeventh Son of a Seventh Son
56%
#9: ToolLateralus
54%
#8: DeathSymbolic
54%
#11: ToolÆnima
49%
#37: DeathThe Sound of Perseverance
48%
#12: OpethBlackwater Park
44%
#28: RainbowRising
43%
#41: Morbid AngelAltars of Madness
40%
#21: BurzumFilosofem
38%
#42: DeathIndividual Thought Patterns
38%
#23: OpethStill Life
37%
#29: Faith No MoreAngel Dust
35%
#36: MastodonCrack the Skye
30%
#50: Mercyful FateDon't Break the Oath
30%
#24: Electric WizardDopethrone
30%
#43: Judas PriestSad Wings of Destiny
29%
#44: OpethGhost Reveries
27%
#32: AgallochThe Mantle
27%
#39: EmperorIn the Nightside Eclipse
22%
#25: ConvergeJane Doe
22%
#45: DissectionStorm of the Light's Bane
22%
#17: KyussKyuss
19%
#34: AgallochAshes Against the Grain
17%
#31: BurzumHvis Lyset Tar Oss
16%
#33: IsisPanopticon
14%
#46: NeurosisThrough Silver in Blood
13%
#47: AtheistUnquestionable Presence
13%
#35: UlverBergtatt: Et Eeventyr i 5 Capitler
6%

Score Distribution

Percentile by Number Answered

Percent of People with Each Score

Your Score History

You have not taken this quiz